000 00301nam a2200133Ia 4500
008 231129s1970||||xx |||||||||||||| ||spa||
040 _bspa
082 _aM863 G232q
100 _aGaribay Ricardo
245 0 _aLo que es del Cesar
260 _c1970
264 _aJoaquin Mortiz
942 _2ddc
_cBKS
999 _c19393
_d19393